01209cam a2200289 a 4500999001700000001000900017005001700026008004100043010001700084020001800101040001800119043001200137050002400149082002000173100002000193245007400213260003900287300002100326504005100347600002000398650004800418651006500466906004500531942001800576952016400594952016100758 c30661d306611718620220200820120542.0120228s2012 nyu b 001 0beng  a 2012005603 a9781594204821 aDLCcDLCdDLC af-nr---00aPR9387.9.A3Z46 201200a823/.914aB2231 aAchebe, Chinua.10aThere was a country :ba personal history of Biafra /cChinua Achebe. aNew York :bPenguin Press,cc2012. a333 p. ;c24 cm. aIncludes bibliographical references and index.10aAchebe, Chinua. 0aAuthors, Nigeriany20th centuryvBiography. 0aNigeriaxHistoryyCivil War, 1967-1970vPersonal narratives. a7bcbccorignewd1eecipf20gy-gencatlg 2lcccAFRICANA 00102lcc4070aMUCbMUCcSPEd2020-08-20epurchase(corporate campus ltd)g939.00l2oPR9387.9.A3Z46 2012p23321r2020-12-03s2020-12-03w2020-08-20yAFRICANA 00102lcc4070aMUCbMUCcSPEd2020-08-20epurchase(corporate campus ltd)g939.00l2oPR9387.9.A3Z46 2012p23322r2024-03-11s2024-02-29w2020-08-20yBOOKS